<?xml version="1.0" encoding="UTF-8"?>
<marc:record xmlns:marc="http://www.loc.gov/MARC21/slim">
   <marc:leader>00000nam a2200000 a 4500</marc:leader>
   <marc:datafield ind1="1" ind2=" " tag="100">
      <marc:subfield code="a">George, Kallie</marc:subfield>
      <marc:subfield code="4">aut</marc:subfield>
      <marc:subfield code="e">Verfasser/-in</marc:subfield>
   </marc:datafield>
   <marc:datafield ind1="0" ind2="0" tag="245">
      <marc:subfield code="a">Das kleine Waldhotel - ein Sommergast für Mona Maus</marc:subfield>
   </marc:datafield>
   <marc:datafield ind1="0" ind2="0" tag="245">
      <marc:subfield code="c">Kallie George ; gelesen von Andreas Fröhlich ; aus dem Englischen von Karolin Viseneber</marc:subfield>
   </marc:datafield>
   <marc:datafield ind1=" " ind2="1" tag="264">
      <marc:subfield code="a">Berlin</marc:subfield>
      <marc:subfield code="b">sauerländer audio</marc:subfield>
      <marc:subfield code="c">2019</marc:subfield>
   </marc:datafield>
   <marc:datafield ind1="1" ind2=" " tag="520">
      <marc:subfield code="a">Angaben aus der Verlagsmeldung

Das kleine Waldhotel – Ein Sommergast für Mona Maus Heartwood Hotel - Home again George, Das kleine Waldhotel – Ein Sommergast für Mona Maus / von Kallie George

Es ist Sommer, und die Tiere im kleinen Waldhotel bereiten sich eifrig auf die Hochzeit der Stachelschweine Petunia Prickel und Stefan Stachlig vor. Außerdem gibt es Verstärkung für das Personal: Eine neue Maus wird eingestellt, die Mona in allem sehr ähnlich ist. Könnte es sich um eine nahe Verwandte handeln, nach der Mona so lange gesucht hat? Doch sie hat kaum Zeit, sich Gedanken darüber zu machen, denn ein Blitz schlägt in das kleine Waldhotel ein. Mona muss ihre Freunde und das Hotel retten …

Andreas Fröhlich, vielfach ausgezeichneter Interpret mit Kuschelstimme, lässt das Waldhotel-Personal durch die Gänge flitzen, die Gäste lamentieren und die tapfere Mona Maus über sich hinaus wachsen.
</marc:subfield>
   </marc:datafield>
   <marc:datafield ind1=" " ind2=" " tag="020">
      <marc:subfield code="a">9783839849569</marc:subfield>
      <marc:subfield code="9">9783839849569</marc:subfield>
   </marc:datafield>
   <marc:datafield ind1=" " ind2=" " tag="020">
      <marc:subfield code="a">383984956X</marc:subfield>
      <marc:subfield code="9">383984956X</marc:subfield>
   </marc:datafield>
   <marc:datafield ind1=" " ind2=" " tag="041">
      <marc:subfield code="a">ger</marc:subfield>
   </marc:datafield>
   <marc:datafield ind1=" " ind2=" " tag="300">
      <marc:subfield code="a">2 CDs</marc:subfield>
   </marc:datafield>
</marc:record>
